Authority and Competences of Ethics Commissions at Universities of the SR

Pôsobnosť, kompetencie a úlohy etických komisií na vysokých školách. Identifikácia spoločných znakov a rozdielov v činnostiach uvedených subjektov v rámci jednotlivých vysokých škôl.

Salvato in:
Dettagli Bibliografici
Autore principale: Kissová, Jana, 1979-
Altri autori: Grančičová, Katarína, 1967-
Natura: Capitolo di libro
Lingua:slovacco
Soggetti:
Tags: Aggiungi Tag
Nessun Tag, puoi essere il primo ad aggiungerne!!

MARC

LEADER 00000naa$a2200000$$$4500
001 0298762
005 20240502084009.7
041 0 |a slo 
044 |a CZ 
245 1 0 |a Authority and Competences of Ethics Commissions at Universities of the SR  |c Jana Kissová, Katarína Grančičová 
520 |a Pôsobnosť, kompetencie a úlohy etických komisií na vysokých školách. Identifikácia spoločných znakov a rozdielov v činnostiach uvedených subjektov v rámci jednotlivých vysokých škôl. 
610 2 0 |a kompetencie 
610 2 0 |a školy vysoké 
610 2 0 |a univerzity 
610 2 0 |a etika 
610 2 0 |a komisie zabezpečenia sociálneho 
100 1 |a Kissová, Jana, 1979- 
700 1 |a Grančičová, Katarína, 1967-